• 首页
  • 本馆介绍
  • 公告通知
  • 最新文献
  • 馆藏检索
  • 电子资源
  • 读者导购
  • 参考咨询
  • 我的图书馆
  • 登录
  • 详细信息显示
  • 放入我的书架
  • 预约/预借图书
  • 作者相关作品
  • 分类相关作品
  • 丛书相关作品
  • 出版社相关作品

书目信息

  • 表格格式
  • 工作单格式
  • 卡片格式
题名:
中国火山
    
 
作者: 刘嘉麒 著
分册:  
出版信息: 北京   科学出版社  1999.3
页数: 219页
开本: 16开
丛书名:
单 册:
中图分类: P317
科图分类:
主题词: 岩石--物理学 , 固体地球物理学
电子资源:
ISBN: 7-03-007339-8
000 00561nam0 2200205 45
001 0102281026
005 20031219104048.8
010    @a7-03-007339-8@b精装@dCNY50.00
100    @a20010228d1999 km y0chiy0120 ea
101 0  @achi
105    @a z 000yy
200 1  @a中国火山@AZhong Guo Huo Shan@f刘嘉麒著@FLiu Jia Qi Zhu
210    @a北京@c科学出版社@d1999.3
215    @a219页@c附图版@d16开
606 0  @a岩石@x物理学
606 0  @a固体地球物理学
690    @aP317@v1
701  0 @a刘嘉麒@4著
801    @aCN@bTSTC@c20010228
905    @b295135-139@dP317@e46@f5
    
    中国火山/刘嘉麒著.-北京:科学出版社,1999.3
    219页:附图版;16开
    
    
    ISBN 7-03-007339-8(精装):CNY50.00
    
●
相关链接 在E读中查询图书 在五车中查询图书 在当当中查询图书 在豆瓣中查询图书


正题名:中国火山     索取号:P317/46         预约/预借

序号 登录号 条形码 馆藏地/架位号 状态 备注
1 0295135   002951354   第三借阅区/ [索取号:P317/46] 在馆    
2 0295136   002951363   第三借阅区/ [索取号:P317/46] 在馆    
3 0295137   002951372   第三借阅区/ [索取号:P317/46] 在馆    
4 0295138   002951381   第三借阅区/ [索取号:P317/46] 在馆    
5 0295139   002951390   第二样本阅览室/ [索取号:P317/46] 在馆    
唐山师范学院图书馆 欢迎您!
大连网信软件有限公司© 版权所有